SEJARAH GERAKAN REFORMATION DUNIA

Bibliographic Details
Main Author: Muhammad Danial Ramli , 1984- (Author)
Format: Book
Language:Malay
Published: Petaling Jaya, Selangor : Hijjaz Records Publishing 2017
Subjects:

MARC

LEADER 00000cam a2200000 7i4500
001 0000029223
005 20241126.0
008 210422 my o may
020 |a 9789675391613 
040 |a INS   |b eng   |e rda 
090 0 0 |a BR305.2   |b M84 2017 
100 0 |a Muhammad Danial Ramli ,   |d 1984- ,   |e author 
245 0 0 |a SEJARAH GERAKAN REFORMATION DUNIA   |c Muhammad Danial Ramli 
264 1 |a Petaling Jaya, Selangor :   |b Hijjaz Records Publishing   |c 2017 
300 |a 164 pages :   |b colour illustrations, colour photographs, colour maps ;   |c 21 cm. 
336 |a text  |2 rdacontent 
337 |a unmediated  |2 rdamedia 
338 |a volume  |2 rdacarrier 
650 0 |a Europe   |x Church History 
650 0 |a Reformation 
999 |a 1000004164   |b BOOK   |c Open Shelf   |e Default branch